00829cam a22002053a 450000100060000000300060000600500170001200800410002904000150007004200070008510000500009224501640014226000290030650001370033550600300047251600200050270000300052283000290055285600420058144564PGUSA20140828084022.0140102s2014||||xxu|||||s|||||000 | eng d aPGUSAbeng adc1 aTurpin, F. H.q(François Henri),d1709-179910aHistory of the Kingdom of Siam ;band, of the revolutions that have caused the overthrow of the empire, up to A. D. 1770h[electronic resource] /cF. H. Turpin bProject Gutenberg,c2014 aTranslation of: Histoire civile et naturelle du royaume de Siam et des révolutions qui ont bouleversé cet empire jusqu’en 1770 aPublic domain in the USA. aElectronic text1 aCartwright, Basil Osborne 0aProject Gutenbergv4456440uhttp://www.gutenberg.org/ebooks/44564